| 000 | 00749nam a2200241Ia 4500 | ||
|---|---|---|---|
| 008 | 130821s1989 enk gr eng | ||
| 020 | _a9780262081825 | ||
| 020 | _a9780262580984 | ||
| 040 |
_aCo-BoUCM _bspa |
||
| 041 | 0 | 0 | _aeng |
| 100 | 1 | _aHelpman, Elhanan | |
| 245 | 1 | 0 |
_aTrade policy and Market structure _cElhanan Helpman, Paul R. Krugman. |
| 260 |
_aLondres (Inglaterra) _bMIT press _c1989 |
||
| 300 | _a191 páginas | ||
| 504 | _aIncluye índice y bibliografía | ||
| 650 | 0 | 4 |
_aComercio exterior _911201 |
| 650 | 0 | 4 |
_aComercio _911192 |
| 650 | 0 | 4 |
_aLibre comercio _918500 |
| 650 | 0 | 4 |
_aPolítica comercial _97944 |
| 700 | 1 | _aKrugman, Paul R. | |
| 942 |
_cLIBRO _a7 _e1 _mH483t _2DEWEY _h382.3 |
||
| 999 |
_c31873 _d31873 |
||